|
|
|
|
| LEADER |
00000caa a2200000 c 4500 |
| 001 |
1547221372 |
| 003 |
DE-627 |
| 005 |
20160925180144.0 |
| 007 |
tu |
| 008 |
160920s2016 xx ||||| 00| ||ger c |
| 020 |
|
|
|a 9783861132592
|
| 035 |
|
|
|a (DE-627)1547221372
|
| 035 |
|
|
|a (DE-576)477221378
|
| 035 |
|
|
|a (DE-599)BSZ477221378
|
| 040 |
|
|
|a DE-627
|b ger
|c DE-627
|e rda
|
| 041 |
|
|
|a ger
|
| 100 |
1 |
|
|a Albrecht, Hans-Jörg
|d 1950-
|e VerfasserIn
|0 (DE-588)118152432
|0 (DE-627)079274374
|0 (DE-576)160046750
|4 aut
|
| 109 |
|
|
|a Albrecht, Hans-Jörg 1950-
|a Albrecht, Hans Jörg 1950-
|a Albrecht, H.-J. 1950-
|a Albrecht, Hans-Joerg 1950-
|a Albrect, Hans-Jörg 1950-
|
| 245 |
1 |
0 |
|a Kriminologie und Strafrecht
|c Professor Dr. Dr. h.c. Hans-Jörg Albrecht
|
| 264 |
|
1 |
|c 2016
|
| 336 |
|
|
|a Text
|b txt
|2 rdacontent
|
| 337 |
|
|
|a ohne Hilfsmittel zu benutzen
|b n
|2 rdamedia
|
| 338 |
|
|
|a Band
|b nc
|2 rdacarrier
|
| 689 |
0 |
0 |
|d p
|0 (DE-588)118722980
|0 (DE-627)079504604
|0 (DE-576)161588867
|a Jescheck, Hans-Heinrich
|d 1915-2009
|2 gnd
|
| 689 |
0 |
1 |
|d s
|0 (DE-588)4443807-2
|0 (DE-627)225132575
|0 (DE-576)212497332
|a Forschungsgegenstand
|2 gnd
|
| 689 |
0 |
2 |
|d s
|0 (DE-588)4033197-0
|0 (DE-627)106258532
|0 (DE-576)209000562
|a Kriminologie
|2 gnd
|
| 689 |
0 |
|
|5 (DE-627)
|
| 773 |
0 |
8 |
|i Enthalten in
|a Internationales Kolloquium zum Gedenken an Professor Dr. Hans-Heinrich Jescheck (2011 : Freiburg im Breisgau)
|t Strafrecht in einer globalen Welt
|b [1. Auflage]
|d Berlin : Duncker & Humblot, 2016
|g (2016), Seite 86-99
|h X, 200 Seiten
|w (DE-627)863476406
|w (DE-576)473640767
|z 3428150392
|z 9783861132592
|z 9783428150397
|z 3861132591
|7 nnam
|
| 773 |
1 |
8 |
|g year:2016
|g pages:86-99
|
| 951 |
|
|
|a AR
|
| ELC |
|
|
|b 1
|
| LOK |
|
|
|0 000 xxxxxcx a22 zn 4500
|
| LOK |
|
|
|0 001 2946102505
|
| LOK |
|
|
|0 003 DE-627
|
| LOK |
|
|
|0 004 1547221372
|
| LOK |
|
|
|0 005 20260216150244
|
| LOK |
|
|
|0 008 161122||||||||||||||||ger|||||||
|
| LOK |
|
|
|0 040
|a DE-21-110
|c DE-627
|d DE-21-110
|
| LOK |
|
|
|0 689
|a s
|a Strafrecht
|
| LOK |
|
|
|0 689
|a s
|a Kriminologie
|
| LOK |
|
|
|0 689
|a s
|a Kriminalpolitik
|
| LOK |
|
|
|0 689
|a s
|a Analyse
|
| LOK |
|
|
|0 852
|a DE-21-110
|
| LOK |
|
|
|0 852 1
|m p
|9 00
|
| LOK |
|
|
|0 938
|k p
|
| LOK |
|
|
|0 939
|a 22-11-16
|b l01
|
| ORI |
|
|
|a WA-MARC-krimdoka001.raw
|